000
00291nam a22001217a 4500
005
20230726133821.0
008
230726b ||||| |||| 00| 0 eng d
040
_c
AL
041
_a
eng
245
_a
Handbook of life skills
260
_a
Bangalore
_b
Banjara Academy
_c
2005
942
_2
ddc
_c
BK
999
_c
228142
_d
228142